La temática en la obra teatral de Jacinto Benavente /

محفوظ في:
التفاصيل البيبلوغرافية
المؤلف الرئيسي: Arana Mendoza, Alicia (autor)
التنسيق: كتاب
اللغة:الإسبانية
الموضوعات:
الوسوم: إضافة وسم
لا توجد وسوم, كن أول من يضع وسما على هذه التسجيلة!

MARC

LEADER 00000nam^a2200000^a^4500
001 000183863
005 20250521000000.0
009 20260310102054.869
037 |a Acervo ITESO - Biblioteca 
041 |a ESP 
082 |a 860. 946073  |b ARA 
100 |a Arana Mendoza, Alicia  |e (autor) 
245 1 3 |a La temática en la obra teatral de Jacinto Benavente /  |c A. Arana Mendoza. 
264 |a México :  |b edición de autor,  |c 1952 
300 |a 79 p. 
336 |a texto  |b txt  |2 rdacontenido 
337 |a sin mediación  |b n  |2 rdamedio 
338 |a volumen  |b nc  |2 rdasoporte 
593 |a Tesis de Maestría en Lengua y Literatura Española, UNAM 
649 |a XX 
650 |a Escritores Españoles -  |x Biografías 
650 |a Modernismo (Literatura) -  |x Historia y Crítica 
650 |a Sátira Española -  |x Historia y Crítica 
650 |a Teatro Español 
650 |a Personajes Literarios -  |z España -  |x Descripción 
650 |a Teatro Español -  |x Historia y Crítica 
650 |a Literatura Española -  |y Siglo XIX 
650 |a Literatura Española -  |y Siglo XX 
650 |a Literatura Española -  |x Historia y Crítica 
910 |a Fondo General 
920 |a Impresos - Tesis Externas 
930 |a Colección General 
940 |a Literatura 
905 |a 101 
901 |a 0500124510  |b IT1  |c LIT  |u 20250521 
902 |a https://opac.biblio.iteso.mx/vufind/Record/000183863